00697nam a2200205Ia 450000500170000000800410001704000190005804100120007708200160008910000250010524500810013026000360021130000180024750400500026565000290031585000100034494200070035499900160036195201140037720221110143813.0131103s9999 xx 000 0 und d aLoreto College aEnglish a954.02bVAR aVarma,Ramesh Chandra aForeign policy of the great Mughals (1526 - 1727 A.D.)cRamesh Chandra Varma aAgrabShiva Lal Agarwala c1967 aiii,243 (iv)  aIncludes index and bibliographical references aHistory - Medieval India aLCLIB cBK c9555d60034 00102ddc4070aMAINbMAINd2013-11-04l3o954.02 VAR 23812pB9433r2018-03-19s2018-03-19w2013-11-04yBKf